000 00683nam a22002537a 4500
999 _c2928
_d2928
003 OSt
005 20210727071156.0
008 210727b ||||| |||| 00| 0 eng d
020 _a 0070677220
020 _a9780070677227
040 _cALUPE UNIVERSITY
050 _aQP34.5
_b.G3 2010
100 _a Kim E Barrett
245 _aGanong's review of medical physiology.
250 _a 23. ed
260 _a New Delhi
_bTata Mcgraw Hill Education Private Ltd.
_cc2010
300 _a714p
500 _aindex incl.
650 _a Medical physiology.
700 _aSusan M Barman
700 _aScott Boitano
700 _a Heddwen L Brooks
942 _2lcc
_cBK
_nDO